| 000 | 00431nam a22001577a 4500 | ||
|---|---|---|---|
| 005 | 20251110100636.0 | ||
| 008 | 251110b |||||||| |||| 00| 0 eng d | ||
| 020 | _a979-8-88715-035-2 | ||
| 100 | _aBORIS, DANIELS C. | ||
| 245 | _aTISSUE SCIENCE TECHNOLOGY | ||
| 260 |
_aDUBLIN _bORYSON PRESS _c2023 |
||
| 300 | _aVI, 290P. | ||
| 500 | _aINCLUDES INDEX | ||
| 650 | _a1. TISSUE ENGINEERING 2. REGENERATIVE MEDICINE | ||
| 942 | _cBK | ||
| 999 |
_c216147 _d216147 |
||